ARRUPE JESUIT UNIVERSITY

CORONAVIRUS -STOP THE SPREAD - CLEAN,DISINFECT,COVER

Bernadotte and Napoleon, 1763-1810, (Record no. 130294)

MARC details
000 -LEADER
fixed length control field 01104cam a22002771 4500
001 - CONTROL NUMBER
control field 6849704
003 - CONTROL NUMBER IDENTIFIER
control field ARRUPE
005 - DATE AND TIME OF LATEST TRANSACTION
control field 20200204122010.0
008 - FIXED-LENGTH DATA ELEMENTS--GENERAL INFORMATION
fixed length control field 781020s1921 xx 000 0 eng
010 ## - LIBRARY OF CONGRESS CONTROL NUMBER
LC control number 21012784
035 ## - SYSTEM CONTROL NUMBER
System control number (OCoLC)4308307
040 ## - CATALOGING SOURCE
Original cataloging agency DLC
Transcribing agency TxBeaL
Modifying agency DLC
050 00 - LIBRARY OF CONGRESS CALL NUMBER
Classification number DL820
Item number .B27
300 ## - PHYSICAL DESCRIPTION
Other physical details front., ports., maps
Dimensions 22 1/2 cm.
100 1# - MAIN ENTRY--PERSONAL NAME
Personal name Barton, D. Plunket
Fuller form of name (Dunbar Plunket),
Titles and other words associated with a name Sir,
Dates associated with a name 1853-1937.
9 (RLIN) 49348
245 10 - TITLE STATEMENT
Title Bernadotte and Napoleon, 1763-1810,
Statement of responsibility, etc by the Right Honble. Sir Dunbar Plunket Barton, baronet ...
260 ## - PUBLICATION, DISTRIBUTION, ETC. (IMPRINT)
Place of publication, distribution, etc London,
Name of publisher, distributor, etc J. Murray; [etc., etc.]
Date of publication, distribution, etc 1921.
300 ## - PHYSICAL DESCRIPTION
Extent xi, 343 p.
500 ## - GENERAL NOTE
General note On cover: 1799-1810.
500 ## - GENERAL NOTE
General note The second of three volumes on Bernadotte (the first, 1763-1799, published 1914)
504 ## - BIBLIOGRAPHY, ETC. NOTE
Bibliography, etc Bibliographical foot-notes.
600 00 - SUBJECT ADDED ENTRY--PERSONAL NAME
Personal name Charles
Numeration XIV John,
Titles and other words associated with a name King of Sweden and Norway,
Dates associated with a name 1763-1844
9 (RLIN) 49349
600 00 - SUBJECT ADDED ENTRY--PERSONAL NAME
Personal name Napoleon
Numeration I,
Titles and other words associated with a name Emperor of the French,
Dates associated with a name 1769-1821
General subdivision Relations with Europeans.
9 (RLIN) 42193
651 #0 - SUBJECT ADDED ENTRY--GEOGRAPHIC NAME
Geographic name Europe
General subdivision History
Chronological subdivision 1789-1815.
9 (RLIN) 34614
906 ## - LOCAL DATA ELEMENT F, LDF (RLIN)
a 7
b cbc
c oclcrpl
d u
e ncip
f 19
g y-gencatlg
942 ## - ADDED ENTRY ELEMENTS (KOHA)
Source of classification or shelving scheme Library of Congress Classification
Koha item type Monograph ( Printed materials)
Holdings
Withdrawn status Lost status Source of classification or shelving scheme Damaged status Not for loan Collection code Home library Current library Shelving location Date acquired Total Checkouts Full call number Barcode Date last seen Price effective from Koha item type
    Library of Congress Classification     Main Collection ARRUPE LIBRARY ARRUPE LIBRARY Main Collection 04/02/2020   DL820 .B27 46600006541 04/02/2020 04/02/2020 Monograph ( Printed materials)

 

Arrupe Library. PO Box MP320 Mt Pleasant, Harare, Zimbabwe
263 242 745411|librarian@aju.ac.zw